000 01502namaa22003251i 4500
005 20260308132615.0
008 260125s1995 ua a|||frm||| 000 0 eng d
040 _aEG-GICUC
_beng
_cEG-GICUC
_dEG-GICUC
_erda
041 0 _aeng
_beng
_bara
049 _aDeposit
097 _aM.Sc
099 _aCai01.12.15.M.Sc.1995.Sa.G
100 0 _aSayed Ahmed Mohamed Omar,
_epreparation.
245 1 0 _aGeological and geochemical features of the radioactive occurrences south gabal um anab granitic masses eastern desert egypt /
_cBy Sayed Ahmed Mohamed Omar ; Supervised Prof. Dr. H. S. Assaf, Prof. Dr. M. A. Mahdy, Dr. Z. M. Abdel Kader.
246 1 5 _aالملاح الجيولوجية والجيوكيميائية للمواقع المشعة فى الكتل الجرانيتية جنوب جبل ام عنب الصحراء الشرقية - مصر
264 0 _c1995.
300 _a164 Leaves :
_billustrations ;
_c30 cm. +
336 _2rda content
_atext
337 _2rdamedia
_aUnmediated
338 _2rdacarrier
_avolume
502 _aThesis (M.Sc.) -Cairo University,1995.
504 _aBibliography: pages 154-164.
653 0 _aGeological and geochemical features
700 0 _a H. S. Assaf
_ethesis advisor.
700 0 _aM. A. Mahdy
_ethesis advisor.
700 0 _aZ. M. Abdel Kader
_ethesis advisor.
900 _DDepartment of Geology
_FFaculty of Science
_UCairo University
_b1995
_cH. S. Assaf
_cM. A. Mahdy
_cZ. M. Abdel Kader
905 _aNagat
_eNourhan
942 _2ddc
_cTH
_e21
_n0
999 _c178006